Administración de Recursos Humanos / Fernando Arias Galicia (Registro nro. 27565)

Detalles MARC
000 -LÍDER
fixed length control field 00414nam a2200145 4500
020 ## - NÚMERO INTERNACIONAL NORMALIZADO PARA LIBROS
ISBN S/N
050 ## - SIGNATURA TOPOGRAFICA DE LA BIBLIOTECA DEL CONGRESO (LC)
Número de Clasificación HF5549 A8975 1975
082 ## - NUMERO DE CLASIFICACION DECIMAL DEWEY
Número de Clasificación 658.3 A775a 1975
100 ## - ASIENTO PRINCIPAL--NOMBRE PERSONAL
Nombre personal Arias Galicia, Fernando
245 ## - TÍTULO
Título Administración de Recursos Humanos / Fernando Arias Galicia
250 ## - MENCIÓN DE EDICIÓN
Mención de edición 1 / 12 reim. 1982
260 ## - PUBLICACIÓN, DISTRIBUCIÓN, ETC. (PIE DE IMPRENTA)
Lugar de publicación, distribución, etc. México: Trillas
300 ## - DESCRIPCIÓN FÍSICA
Extensión 475 p. / 23 cm.
650 ## - ASIENTO SECUNDARIO DE MATERIA - TERMINO TEMÁTICO
Término temático o nombre geográfico como elemento de entrada 1. ADMINISTRACIÓN 2. RECURSOS HUMANOS
Existencias
No. biblioteca No. biblioteca Número de clasificación Código de barras/Número de adquisición Número de copia Tipo de material
AREA DE ADMINISTRACIÓN AREA DE ADMINISTRACIÓN 658.3 A775a 1975 52260 1 Libros
Calzada Tecnológico # 27, Zacatepec, Morelos.
01(734) 343-07-23 / 343-21-10 / 343-21-11
Apdo. Postal 45 C.P 62780